书目信息 |
| 题名: |
徽州古建技艺的数字化再生
|
|
| 作者: | 杨群 , 梁勇 , 冯加民 著 | |
| 分册: | ||
| 出版信息: | 沈阳 东北大学出版社 2024.09 |
|
| 页数: | 113页 | |
| 开本: | 24cm | |
| 丛书名: | ||
| 单 册: | ||
| 中图分类: | TU-092.954 , TU-092 | |
| 科图分类: | ||
| 主题词: | 古建筑--gu jian zhu--建筑艺术--数字化--研究--徽州地区 | |
| 电子资源: | ||
| ISBN: | 978-7-5517-3554-4 | |
| 000 | 01287nam0 2200277 450 | |
| 001 | 89281 | |
| 005 | 20250814102245.82 | |
| 010 | @a978-7-5517-3554-4@dCNY45.00 | |
| 100 | @a20241116d2024 em y0chiy50 ea | |
| 101 | 0 | @achi |
| 102 | @aCN@b210000 | |
| 105 | @ay a 000yy | |
| 106 | @ar | |
| 200 | 1 | @a徽州古建技艺的数字化再生@Ahui zhou gu jian ji yi de shu zi hua zai sheng@f杨群, 梁勇, 冯加民著 |
| 210 | @a沈阳@c东北大学出版社@d2024.09 | |
| 215 | @a113页@d24cm | |
| 320 | @a有书目 (第113页) | |
| 330 | @a本书以徽州古建技艺概述为着力点, 详细介绍徽州古建技艺的历史背景、基本特点和分类, 系统梳理徽州古建技艺的历史演变, 具体分析徽州古建技艺蕴含的文化内涵和审美价值, 并讲述数字化技术在徽州古建技艺保护中的应用状况, 重点讨论徽州古建技艺的数字化存档与展示、徽州古建技艺的数字化模拟与重现, 深入探讨徽州古建技艺的数字化传承与教育, 全面剖析徽州古建技艺的数字化创新设计, 以及徽州古建技艺的数字化产业发展, 为研究徽州古建技艺数字化再生的未来发展趋势和挑战, 提出了针对性的建议和措施。 | |
| 606 | 0 | @a古建筑@Agu jian zhu@x建筑艺术@x数字化@x研究@y徽州地区 |
| 690 | @aTU-092.954@v5 | |
| 690 | @aTU-092@v4 | |
| 701 | 0 | @a杨群@Ayang qun@4著 |
| 701 | 0 | @a梁勇@Aliang yong@4著 |
| 701 | 0 | @a冯加民@Afeng jia min@4著 |
| 801 | 0 | @aCN@c20250909 |
| 905 | @a河南城建学院图书馆@dTU-092@eY245@f1 | |
| 徽州古建技艺的数字化再生/杨群, 梁勇, 冯加民著.-沈阳:东北大学出版社,2024.09 |
| 113页;24cm |
| ISBN 978-7-5517-3554-4:CNY45.00 |
| 本书以徽州古建技艺概述为着力点, 详细介绍徽州古建技艺的历史背景、基本特点和分类, 系统梳理徽州古建技艺的历史演变, 具体分析徽州古建技艺蕴含的文化内涵和审美价值, 并讲述数字化技术在徽州古建技艺保护中的应用状况, 重点讨论徽州古建技艺的数字化存档与展示、徽州古建技艺的数字化模拟与重现, 深入探讨徽州古建技艺的数字化传承与教育, 全面剖析徽州古建技艺的数字化创新设计, 以及徽州古建技艺的数字化产业发展, 为研究徽州古建技艺数字化再生的未来发展趋势和挑战, 提出了针对性的建议和措施。 |
| ● |
| 相关链接 |
|
|
|
正题名:徽州古建技艺的数字化再生
索取号:TU-092/Y245
 
预约/预借
| 序号 | 登录号 | 条形码 | 馆藏地/架位号 | 状态 | 备注 |
| 1 | 1623243 | 216232431 | 建筑库101/101建筑库 5排4列5层/ [索取号:TU-092/Y245] | 在馆 |